00957cam a2200253 4500001001300000003000400013005001700017008004100034010001700075040003700092050002200129070002200151082001200173100002500185245013300210260008200343300003100425490003500456504002800491650002600519650002600545700005300571830007900624agr67000014 DLC20260227111025.0690606s1966 dcua b 000 0 eng c aagr67000014  aU.S. Nat'l. Agr. Libr.cDLCdDLC00aS21.A72bno. 13600 a1 Ag84Te no. 136000a589.9/21 aLyons, A. J.,d1932-00aStreptomyces griseus (Krainsky) Waksman and Henrici;ba taxonomic study of some strainsc[by A. J. Lyons, Jr. and T. G. Pridham. aWashington]bAgricultural Research Service, U.S. Dept. of Agriculturec[1966] aiii, 31 p.billus.c24 cm.1 aTechnical bulletin ;vno. 1360 aBibliography: p. 29-31. 0aStreptomyces griseus. 3aStreptomyces griseus.1 aPridham, Thomas Grenville,d1920-ejoint author. 0aTechnical bulletin (United States. Department of Agriculture) ;vno. 1360.